Bảo tồn Di sản văn hóa thế giới tại Quảng Nam để phát triển du lịch /

Khai quat chung ve cac di san văn hoa Quang Nam.

Shranjeno v:
Bibliografske podrobnosti
Glavni avtor: Nguyễn Thị Hồng Quyên
Drugi avtorji: TS.Nguyen Thi Quynh Hoa
Format: Luận văn Knjiga
Jezik:Vietnamese
Izdano: ĐHĐN-Trương ĐH ngoại ngữ, 2014.
Teme:
Oznake: Označite
Brez oznak, prvi označite!
Thư viện lưu trữ: Mạng thư viện Đại học Đà Nẵng
LEADER 01692cam a22003851a 4500
001 000032967
003 9093
005 20230407154831.0
008 151015s2014 000 vie
040 |a LNN 
041 |a vie 
082 |a 959.7306  |b NG-Q 
100 |a Nguyễn Thị Hồng Quyên 
245 0 |a Bảo tồn Di sản văn hóa thế giới tại Quảng Nam để phát triển du lịch /  |c Nguyễn Thị Hồng Quyên. 
246 |a Luan văn tot nghiep 
260 |b ĐHĐN-Trương ĐH ngoại ngữ,  |c 2014. 
300 |a 30cm :  |b 55 tr;. 
502 |a Luan văn sinh vien 
505 |a Chuyen nghanh Quoc te hoc 
520 |a Khai quat chung ve cac di san văn hoa Quang Nam.  |x Thưc trạng bảo ton cac di san văn hoa cua tinh Quang Nam.  |y Mot so giai phap bao ton di san văn hoa đe phat trien du lich Quang Nam. 
650 |a Di san văn hoa the giơi  |b Bao ton va phat trien di san văn hoa du lich  |c Tinh Quang Nam. 
653 |a Bảo tồn Di sản văn hóa thế giới tại Quảng Nam để phát triển du lịch, Nguyễn Thị Hồng Quyên, 2014 
700 |a TS.Nguyen Thi Quynh Hoa  |B huong dan 
852 |b Luan van tot nghiep  |c SV Khoa Quoc te hoc 
OWN |a LNN 
AVA |a UDN50  |b LNN  |d 959.7306 NG-Q  |e available  |t Error 5001 Not defined in file expand_doc_bib_avail.  |f 2  |g 0  |h N  |i 0 
999 |a From the UDN01 
AVA |a UDN50  |b LNN  |d 959.7306 NG-Q  |e available  |t Error 5001 Not defined in file expand_doc_bib_avail.  |f 2  |g 0  |h N  |i 0 
TYP |a Dissertation 
TYP |a Monograph 
TYP |a Printed language 
980 |a Mạng thư viện Đại học Đà Nẵng